000 00294 a2200097 4500
020 _a9788119144204
100 _aJacob Abraham
245 _aAa muthal am vare pokunna theevandi(അ മുതൽ അം വരെ പോകുന്ന തീവണ്ടി)
260 _bSPCS
_c2023
942 _cOO
999 _c115403
_d115402